NLSUI OPAC header image

Restructuring of elementary, primary and non-formal education in the context of the 73rd constitutional amendment: Report of the commission on adult education, non-formal educaton and ECCE (Record no. 34843)

MARC details
000 -LEADER
fixed length control field 00598nam a2200157Ia 4500
008 - FIXED-LENGTH DATA ELEMENTS--GENERAL INFORMATION
fixed length control field 160316s1995 xxu||||| |||| 00| 0 eng d
082 ## - DEWEY DECIMAL CLASSIFICATION NUMBER
Classification number 372.000000
Item number RED
100 ## - MAIN ENTRY--PERSONAL NAME
Personal name Reddy V Eswara
245 ## - TITLE STATEMENT
Title Restructuring of elementary, primary and non-formal education in the context of the 73rd constitutional amendment: Report of the commission on adult education, non-formal educaton and ECCE
250 ## - EDITION STATEMENT
Edition statement
260 ## - PUBLICATION, DISTRIBUTION, ETC.
Place of publication, distribution, etc. New Delhi
Name of publisher, distributor, etc. Institute of Social Sciences
Date of publication, distribution, etc. 1995
300 ## - PHYSICAL DESCRIPTION
Extent 24
Other physical details
Dimensions
365 ## - TRADE PRICE
Price amount
650 ## - SUBJECT ADDED ENTRY--TOPICAL TERM
Topical term or geographic name entry element 1. elementary education<br/>2. adult education
700 ## - ADDED ENTRY--PERSONAL NAME
Personal name Seetharamu A S
-- Jayagopal R
Holdings
Withdrawn status Lost status Damaged status Not for loan Home library Current library Shelving location Date acquired Total Checkouts Full call number Barcode Date last seen Price effective from Koha item type
        . .   30.05.2017   372 RED REP11353 30.05.2017 30.05.2017 Repository